Gregorio Vásquez de Arce y Ceballos (Record no. 685)

MARC details
000 -CABECERA
campo de control de longitud fija 00904nam a2200229 a 4500
001 - NÚMERO DE CONTROL
campo de control BRCA_789
005 - FECHA Y HORA DE LA ÚLTIMA TRANSACCIÓN
campo de control 20190320203142.0
008 - DATOS DE LONGITUD FIJA--INFORMACIÓN GENERAL
campo de control de longitud fija 090408s1985----co-o---###---#000-0#spa-#
020 ## - NÚMERO INTERNACIONAL ESTÁNDAR DEL LIBRO
Número Internacional Estándar del Libro 9589084044
050 #4 - SIGNATURA TOPOGRÁFICA DE LA BIBLIOTECA DEL CONGRESO
Número de clasificación ND379.V3
Número de documento/Ítem .P59 1985
100 1# - ENTRADA PRINCIPAL--NOMBRE DE PERSONA
Nombre de persona Pizano Restrepo, Roberto
9 (RLIN) 2625
245 10 - MENCIÓN DE TÍTULO
Título Gregorio Vásquez de Arce y Ceballos
Mención de responsabilidad, etc. Roberto Pizano Restrepo.
250 ## - MENCIÓN DE EDICIÓN
Mención de edición 2
260 ## - PUBLICACIÓN, DISTRIBUCIÓN, ETC.
Lugar de publicación, distribución, etc. Colombia
Nombre del editor, distribuidor, etc. Siglo Dieciseis
Fecha de publicación, distribución, etc. 1985
300 ## - DESCRIPCIÓN FÍSICA
Extensión viii, 399 p.
Otras características físicas il. a color, fotografías
Dimensiones 32 cm.
500 ## - NOTA GENERAL
Nota general Incluye índice de colecciones principales, índice onomástico y apéndices : anexo genealógico y anexo cronológico
504 ## - NOTA DE BIBLIOGRAFÍA, ETC.
Nota de bibliografía, etc. Bibliografía: p. 328-331
600 14 - PUNTO DE ACCESO ADICIONAL DE MATERIA--NOMBRE DE PERSONA
Nombre de persona Vásquez de Arce y Ceballos, Gregorio
Fechas asociadas al nombre 1638-1711
Subdivisión general Crítica e interpretación
9 (RLIN) 2626
650 14 - PUNTO DE ACCESO ADICIONAL DE MATERIA--TÉRMINO DE MATERIA
Término de materia o nombre geográfico como elemento de entrada Pintores
Subdivisión cronológica Siglos XVII a XVIII
Subdivisión geográfica Colombia
9 (RLIN) 2627
650 14 - PUNTO DE ACCESO ADICIONAL DE MATERIA--TÉRMINO DE MATERIA
Término de materia o nombre geográfico como elemento de entrada Pintura colonial
Subdivisión cronológica Siglos XVII a XVIII
Subdivisión geográfica Colombia
9 (RLIN) 2628
942 ## - ELEMENTOS DE PUNTO DE ACCESO ADICIONAL (KOHA)
Fuente del sistema de clasificación o colocación Library of Congress Classification
Tipo de ítem Koha Libros
Holdings
Estado de retiro Estado de pérdida Estado dañado No para préstamo Localización permanente Ubicación/localización actual Fecha de adquisición Total de préstamos Signatura topográfica completa Código de barras Fecha visto por última vez Precio válido a partir de Tipo de ítem Koha
El ejemplar forma parte de la colección y puede ser consultado según las políticas vigentes.       Biblioteca del Museo Franz Mayer (Rogerio Casas-Alatriste) Biblioteca del Museo Franz Mayer (Rogerio Casas-Alatriste) 26/06/2008   ND379.V3 .P59 1985 01190 22/03/2019 22/03/2019 Libros